Statistics for ALW's Phantom of the Opera - Angel of Music - Missing Lyrics

Click here to take the quiz!

General Stats

  • This quiz has been taken 194 times
  • The average score is 22 of 26

Answer Stats

MegChristineMissing Lyric% Correct
And I know he's ____Here
96%
I only wish I knew your ______Secret
96%
______ once spoke of an angelFather
95%
Where in the world have you been _____?Hiding
95%
I used to _____ he'd appearDream
93%
Your _____ are coldHands
92%
Somehow I ____ he's always with meKnow
91%
Really you were.. _______Perfect
90%
Your ____, Christine, it's whiteFace
89%
Here in this room he calls me ______Softly
89%
He's with me even ___Now
88%
Now as I sing I can _____ himSense
88%
This Angel of MusicAngel of Music, hide no ______Longer
87%
Somewhere ______, hidingInside
84%
Secret and _______ angelStrange
84%
It _________ meFrightens
82%
Don't be __________Frightened
81%
Angel of Music, _____ and guardianGuide
80%
I hear your _____ in the darknessVoice
78%
He the unseen ______Genius
77%
Who is this ___ tutor?New
77%
All ______ meAround
75%
Grant to me your _____Glory
75%
Yet the _____ aren't yours Words
69%
I watched your face from the _______Shadows
68%
_______ through all the applauseDistant
49%

Score Distribution

Percentile by Number Answered

Percent of People with Each Score

Your Score History

You have not taken this quiz